000 00263nam a22001097a 4500
082 _a628.162 DON
100 _aDon John, Chisholm John
245 _aModern methods of Water Purification
260 _aLondon
_bEdward Arnold
_c1911
300 _a368
942 _cBK
999 _c370171
_d370171